Poesías patrióticas y folklóricas y 10 recorridos de la revolución / (Registro nro. 14826)

Detalles MARC
000 -LEADER
fixed length control field 00838nam a2200265 a 4500
001 - CONTROL NUMBER
control field
003 - CONTROL NUMBER IDENTIFIER
control field DO-SdBNP
005 - DATE AND TIME OF LATEST TRANSACTION
control field 20241009131735.0
008 - FIXED-LENGTH DATA ELEMENTS--GENERAL INFORMATION
fixed length control field 091001s1980 mx a r 000 0 spa d
020 ## - INTERNATIONAL STANDARD BOOK NUMBER
International Standard Book Number 9687064552
040 ## - CATALOGING SOURCE
Original cataloging agency DO-SdBNP
Language of cataloging spa
Transcribing agency BPMSU
082 ## - DEWEY DECIMAL CLASSIFICATION NUMBER
Classification number M861.08
Item number P745p 1980
Edition number 22
245 00 - TITLE STATEMENT
Title Poesías patrióticas y folklóricas y 10 recorridos de la revolución /
Statement of responsibility, etc. selección de Luisa Amada Solís
260 ## - PUBLICATION, DISTRIBUTION, ETC. (IMPRINT)
Place of publication, distribution, etc. México:
Name of publisher, distributor, etc. Libro Mex Editores,
Date of publication, distribution, etc. 1980
300 ## - PHYSICAL DESCRIPTION
Extent 162 p. ;
Dimensions 21 cm.
490 0# - SERIES STATEMENT
Series statement Poesía
590 ## - LOCAL NOTE (RLIN)
Local note Inventariado, 2024/VM
650 #4 - SUBJECT ADDED ENTRY--TOPICAL TERM
Topical term or geographic name as entry element Poesía mexicana
Form subdivision Colecciones
650 #4 - SUBJECT ADDED ENTRY--TOPICAL TERM
Topical term or geographic name as entry element Canciones folclóricas mexicana
Form subdivision
650 #4 - SUBJECT ADDED ENTRY--TOPICAL TERM
Topical term or geographic name as entry element Literatura mexicana
650 #4 - SUBJECT ADDED ENTRY--TOPICAL TERM
Topical term or geographic name as entry element
Form subdivision Poesías
700 1# - ADDED ENTRY--PERSONAL NAME
Personal name Solis Luisa Amada
Relator term selección
910 ## - USER-OPTION DATA (OCLC)
User-option data VMateo V. Cotrol de calidad. BPMSU
942 ## - ADDED ENTRY ELEMENTS (KOHA)
Source of classification or shelving scheme Dewey Decimal Classification
Koha item type Libros
Existencias
Withdrawn status Lost status Source of classification or shelving scheme Damaged status Not for loan Collection code Home library Current library Date acquired Total Checkouts Full call number Barcode Date last seen Price effective from Koha item type
    Dewey Decimal Classification     Colección General Biblioteca Pública Metropolitana Salomé Ureña Biblioteca Pública Metropolitana Salomé Ureña 10/09/2024   BPMSU CG M861.08 P745p 1980 BPMSU24100017 10/09/2024 10/09/2024 Libros